000
00271cam a22000977a 4500
008
180718b1950 xxu||||| |||| 00| 0 eng d
082
_a
Loox5421 Ut8s
245
_a
Sub- treasury manual
260
_a
Allahabad
_b
Superintendent Printing and Stationery
_c
1950
300
_a
255+p.
999
_c
429283
_d
429283